000 00561nam a22001937a 4500
005 20241212151316.0
008 241212b ||||| |||| 00| 0 eng d
040 _cAL
041 _aEnglish
082 _223
_a348.04
_bEASS
100 _aEastern Book Company
_9190397
245 _aSupreme court cases: Vol 4
260 _aLucknow
_bEastern Book Company
_c1979
300 _axxiii,852p.
_bHB
_c24x15cm.
365 _a1061
_b₹959.52
_c
_d₹1279.36
_e25%
_f28/11/2024
440 _aVolume 4
_9190398
650 _aMode of Citation
_9190399
942 _2ddc
_cBI
999 _c232727
_d232727